00733nam a2200241 a 4500001001300000003000900013005001700022008004100039020002300080082001700103100001800120245006100138260003300199300000900232500003500241505001000276650002400286700001800310902000800328942000700336952013300343999001500476nice12345678IN_TiNIC20260116012811.0050524s1983 newa grp 000 0 eng  a0883443 c10000a291.172bCAM aCamps, Arnulf aPartners in Dialogueb Christianity and Other Religions. aNew YorkbOrbis Books c1983 a255p aincludes index and biblioraphy2 aindex aInterfaith Dialogue1 aCamps, Arnulf bSRS cBK 001040708StackRoom-aHMIbHMId2011-10-25g100.00l2m1o291.172 CAMp012163r2024-03-13s2023-10-12v100.00w2005-05-24yBK c8424d8424